Phương pháp phân tích vi sinh vật trong nước, thực phẩm và mĩ phẩm

Giới thiệu các chỉ tiêu vi sinh vật thường được kiểm soát trong nước, thực phẩm và mĩ phẩm. Yêu cầu cơ bản của phòng kiểm nghiệm vi sinh vật. Phương pháp thu, bảo quản và chuẩn bị mẫu. Kỹ thuật, qui trình phân tích kiểm nghiệm vi sinh vật......

Cijeli opis

Spremljeno u:
Bibliografski detalji
Glavni autor: Trần Linh Thước
Format: Knjiga
Jezik:Vietnamese
Izdano: H. Giáo dục 2012
Izdanje:Tái bản lần thứ 7
Teme:
Oznake: Dodaj oznaku
Bez oznaka, Budi prvi tko označuje ovaj zapis!
Thư viện lưu trữ: Mạng thư viện Đại học Đà Nẵng
LEADER 01645aam a22003858a 4500
001 000016462
003 12864
005 20121102151136.0
008 121102s2012 viesd
020 |c 45000đ  |d 1000b 
041 0 |a vie 
082 1 4 |2 14  |a 660.6  |b TR-P 
100 1 |a Trần Linh Thước 
245 1 0 |a Phương pháp phân tích vi sinh vật trong nước, thực phẩm và mĩ phẩm  |c Trần Linh Thước 
250 |a Tái bản lần thứ 7 
260 |a H.  |b Giáo dục  |c 2012 
300 |a 232tr.  |b minh hoạ  |c 24cm 
504 |a Phụ lục: tr. 185-229. - Thư mục: tr. 230-231 
520 |a Giới thiệu các chỉ tiêu vi sinh vật thường được kiểm soát trong nước, thực phẩm và mĩ phẩm. Yêu cầu cơ bản của phòng kiểm nghiệm vi sinh vật. Phương pháp thu, bảo quản và chuẩn bị mẫu. Kỹ thuật, qui trình phân tích kiểm nghiệm vi sinh vật... 
650 7 |2 Bộ TK TVQG  |a Vi sinh vật 
650 7 |2 Bộ TK TVQG  |a Phân tích 
650 7 |2 Bộ TK TVQG  |a Kiểm nghiệm 
650 7 |2 Bộ TK TVQG  |a Thực phẩm 
650 7 |2 Bộ TK TVQG  |a Mĩ phẩm 
650 7 |2 Bộ TK TVQG  |a Nước 
OWN |a LSP 
AVA |a UDN50  |b LSP  |d 660.6 TR-P  |e available  |t Error 5001 Not defined in file expand_doc_bib_avail.  |f 10  |g 0  |h N  |i 0  |k 1 
999 |a From the UDN01 
AVA |a UDN50  |b LSP  |d 660.6 TR-P  |e available  |t Error 5001 Not defined in file expand_doc_bib_avail.  |f 10  |g 0  |h N  |i 0  |k 1 
TYP |a Monograph 
TYP |a Printed language 
980 |a Mạng thư viện Đại học Đà Nẵng